Facilities manual of CERRO TOLOLO inter-american observatory (Record no. 9083)
[ view plain ]
| 000 -LEADER | |
|---|---|
| fixed length control field | 00694nam a2200205Ia 4500 |
| 003 - CONTROL NUMBER IDENTIFIER | |
| control field | IN-BaIIA |
| 008 - FIXED-LENGTH DATA ELEMENTS--GENERAL INFORMATION | |
| fixed length control field | 211028s9999 xx 000 0 eng d |
| 040 ## - CATALOGING SOURCE | |
| Transcribing agency | IIA Library |
| 080 ## - UNIVERSAL DECIMAL CLASSIFICATION NUMBER | |
| Universal Decimal Classification number | 035:520.1 |
| Item number | FAC |
| 245 #0 - TITLE STATEMENT | |
| Title | Facilities manual of CERRO TOLOLO inter-american observatory |
| Statement of responsibility, etc. | edited by L. A Colbeck |
| 260 ## - PUBLICATION, DISTRIBUTION, ETC. | |
| Place of publication, distribution, etc. | U.S.A. |
| Name of publisher, distributor, etc. | Cello Tololo |
| Date of publication, distribution, etc. | 1987 |
| 300 ## - PHYSICAL DESCRIPTION | |
| Extent | [various pagings.] |
| 650 ## - SUBJECT ADDED ENTRY--TOPICAL TERM | |
| Topical term or geographic name entry element | Astronomy and astrophysics thesaurus |
| 650 ## - SUBJECT ADDED ENTRY--TOPICAL TERM | |
| Topical term or geographic name entry element | Cerro Tololo |
| 9 (RLIN) | 14777 |
| 650 ## - SUBJECT ADDED ENTRY--TOPICAL TERM | |
| Topical term or geographic name entry element | CTIO |
| 9 (RLIN) | 14778 |
| 650 ## - SUBJECT ADDED ENTRY--TOPICAL TERM | |
| Topical term or geographic name entry element | Observatories - Inter - American |
| 9 (RLIN) | 14779 |
| 650 ## - SUBJECT ADDED ENTRY--TOPICAL TERM | |
| Topical term or geographic name entry element | Observatory facilities Manual |
| 9 (RLIN) | 14780 |
| 700 ## - ADDED ENTRY--PERSONAL NAME | |
| Personal name | Colbeck, L. A ., ed. |
| 9 (RLIN) | 15257 |
| 942 ## - ADDED ENTRY ELEMENTS (KOHA) | |
| Koha item type | Books |
| Withdrawn status | Lost status | Damaged status | Not for loan | Home library | Current library | Shelving location | Date acquired | Total Checkouts | Full call number | Barcode | Date last seen | Price effective from | Koha item type |
|---|---|---|---|---|---|---|---|---|---|---|---|---|---|
| IIA Library-Bangalore | IIA Library-Bangalore | General Stacks | 17/08/1987 | 035:520.1/ FAC | 9980 | 05/11/2021 | 17/08/1987 | Books |